Geography Quiz

Random Geography or Asia Quiz

Countries of Asia on a Globe Quiz Stats

Quiz Updated Jun 17, 2015

Challenge
Share
Tweet
Score 0/49 Timer 08:00
1 Play Today
% Correct
China
98.9%
Japan
98.5%
Russia
98.3%
India
97.7%
North Korea
97.2%
Saudi Arabia
96.1%
Turkey
95.3%
Mongolia
94.1%
Sri Lanka
92.6%
Iraq
92.2%
Yemen
91.7%
Iran
91.5%
Nepal
91.3%
Vietnam
90.6%
Indonesia
89.8%
Israel
89.4%
United Arab Emirates
88.9%
Laos
88.2%
Afghanistan
87.9%
South Korea
87.8%
Taiwan
87.4%
Philippines
87.1%
Oman
86.5%
Malaysia
85.9%
Jordan
85.8%
% Correct
Syria
85.5%
Pakistan
83.6%
Thailand
83.6%
Myanmar
82.7%
Kuwait
81.9%
Kazakhstan
81.2%
Singapore
78.7%
Bangladesh
78.5%
Cambodia
78.3%
Georgia
77.5%
Bhutan
76.6%
Maldives
75.6%
Turkmenistan
74%
Lebanon
74%
Tajikistan
72.4%
Palestine
71.6%
Qatar
68.4%
Kyrgyzstan
67.9%
Bahrain
66.2%
Timor-Leste
65.8%
Uzbekistan
65.6%
Azerbaijan
64.3%
Brunei
62.5%
Armenia
61.9%

You're not logged in!

Compare scores with friends on all Sporcle quizzes.
Join for Free
OR
Log In

You Might Also Like...

Show Comments

Extras

Top Quizzes Today


Score Distribution

Your Account Isn't Verified!

In order to create a playlist on Sporcle, you need to verify the email address you used during registration. Go to your Sporcle Settings to finish the process.

Report this User

Report this user for behavior that violates our Community Guidelines.

Details: